Juan Romero (Record no. 6931)

MARC details
000 - LÍDER
campo de control de longitud fija 00812nam a2200217Ia 4500
008 - ELEMENTOS DE DATOS DE LONGITUD FIJA - INFORMACIÓN GENERAL
campo de control de longitud fija 0000001978 sp a 0000000000spa00
090 ## - NÚMERO DE LLAMADA DE TIPO LC LOCALMENTE ASIGNADO (OCLC)
Número de clasificación (OCLC) (R) PSP00 R65j
100 1# - ENTRADA PRINCIPAL - NOMBRE PERSONAL
Nombre de la persona Romero, Juan
Fechas asociadas a un nombre 1932
245 10 - TÍTULO DECLARACIÓN
Título Juan Romero
Resto del título : de los signos del zodiaco y otras pinturas
260 ## - PUBLICACIÓN, DISTRIBUCIÓN
Lugar de publicación Madrid : Kreisler Galería de Arte
Fecha de publicación 1978
300 ## - DESCRIPCIÓN FÍSICA
Alcance 25 p.
Dimensiones / 23 cm.
500 ## - NOTA GENERAL
Nota general Exposición realizada en la Galeria Kreisler, Madrid, Mayo, 1978 \ Con el patronazgo del maestro venezolano Jesús Rafael Soto (q.e.p.d.)
600 00 - ENTRADA DE SUJETO AÑADIDO - NOMBRE PERSONAL
Nombre de la persona ROMERO, JUAN, 1932/
Subdivisión general TRABAJOS PICTORICOS
650 14 - ENTRADA DE SUJETO AÑADIDO - TÉRMINO TÓPICO
Término tópico o elemento de entrada del nombre geográfico ARTE CONTEMPORANEO ESPAÑOL
650 14 - ENTRADA DE SUJETO AÑADIDO - TÉRMINO TÓPICO
Subdivisión general CATALOGOS
650 14 - ENTRADA DE SUJETO AÑADIDO - TÉRMINO TÓPICO
Subdivisión general EXPOSICIONES
650 14 - ENTRADA DE SUJETO AÑADIDO - TÉRMINO TÓPICO
Término tópico o elemento de entrada del nombre geográfico PINTORES ESPAÑOLES
650 14 - ENTRADA DE SUJETO AÑADIDO - TÉRMINO TÓPICO
Término tópico o elemento de entrada del nombre geográfico PINTURA ESPAÑOLA
650 14 - ENTRADA DE SUJETO AÑADIDO - TÉRMINO TÓPICO
Término tópico o elemento de entrada del nombre geográfico ZODIACO EN EL ARTE
Holdings
Estado de retirada Pérdida de estatus Estado dañado No para préstamo Código de recogida Ubicación permanente Ubicación actual Ubicación de las estanterías Fecha de adquisición Número de llamada completo Código de barras Fecha de la última vez que se vio Número de copia Precio efectivo desde Tipo de artículo Koha
        General ArtNexus ArtNexus General 06/09/2022 P-SP-00 R65J 6935 06/09/2022 Ej.1 06/09/2022 Libro

Powered by Koha